Klub komunitného centra na Levočskej sa stretol so záujmom detí a mám

Bibliographic Details
Main Author: Lumtzerová, Kristína (Author, Photographer)
Format: Article
Language:Slovak
PhysicalDescription:Fotogr.
Subjects:

MARC

LEADER 00000cab a2200000 ar4500
001 vtls008999504
003 SK-MaSNL
005 20260305043927.0
008 070618c2007 xo wr|p|||||||000 b|slo
038 |a PPPK 
040 |a PPPKCL  |b slo  |c PPPK  |e AACR2 
041 0 |a slo 
044 |a xo  |c SK 
080 |a 364.22  |2 1997 
080 |a 379.82:061.237  |x (=214.58)  |2 1997 
080 |a 37.036  |x (=214.58)  |2 1997 
245 0 0 |a Klub komunitného centra na Levočskej sa stretol so záujmom detí a mám  |c [autor] (ppk) ; foto Kristína Lumtzerová 
300 |b Fotogr. 
610 2 7 |a Klub pre deti a mládež pri komunitnom centre sociálneho zariadenia (Poprad, Slovensko)  |2 pppkcl  |9 1626843 
610 1 7 |a Poprad (Slovensko).  |b Mestský úrad.  |b Sociálny odbor  |2 pppkcl 
648 7 |a 2007  |2 pppkcl  |9 313226 
650 0 7 |a sociálnovýchovná práca  |2 pppkcl  |9 1506672 
650 0 7 |a rómske deti  |2 pppkcl  |9 31049 
650 0 7 |a rómska mládež  |2 pppkcl  |9 63360 
650 0 7 |a záujmová činnosť  |2 pppkcl  |9 3674 
651 7 |a Poprad (Slovensko)  |2 pppkcl  |9 20155 
700 1 |a Lumtzerová, Kristína  |4 pht  |4 aut  |9 1031835 
773 0 |t Poprad : noviny občanov mesta  |g Roč. XVIII, č. 35 (2007), s. 3 
852 |a PPPK  |b KIS3GCP 
958 |a RQ 
999 |c 3355729  |d 3357659